Welcome to the Holygrace Academy Library

Please use search bar below to get started

MUTHUM PAVIZHAVUM (Record no. 7652)

MARC details
000 -LEADER
fixed length control field 00214nam a22000977a 4500
082 ## - DEWEY DECIMAL CLASSIFICATION NUMBER
Classification number 894.812.3
Item number MUT/M
100 ## - MAIN ENTRY--AUTHOR NAME
Personal name MUTTINAKAM, GEORGE
245 ## - TITLE STATEMENT
Title MUTHUM PAVIZHAVUM
650 ## - SUBJECT ADDED ENTRY--TOPICAL TERM
Topical Term MALAYALAM SHORT STORIES
942 ## - ADDED ENTRY ELEMENTS (KOHA)
Koha item type Books
Holdings
Withdrawn status Lost status Collection code Home library Current library Date acquired Full call number Accession Number Koha item type
Withdrawn Damaged Item Fiction Main Library Main Library 05/12/2023 894.812.3 MUT/M 01037 Books